Normal view MARC view
  • Brozon, M. B.,

Entry Nombre Personal

Number of records used in: 16

001 - NUMERO DE CONTROL

  • campo de control: 31044

003 - IDENTIFICADOR DE NUMERO DE CONTROL

  • campo de control: UPN

005 - FECHA Y HORA DE LA ÜLTIMA TRANSACCIÓN

  • campo de control: 20210219194419.0

008 - DATOS DE LONGITUD FIJA

  • campo de control de longitud fija: nabaccnnaabn|||||||||| b |nc|||||d

035 ## - NUMERO DE CONTROL

  • Número de control: UPN11000003150

040 ## - FUENTE DE CATALOGACIÓN

  • Lenguaje de catalogación: SPA
  • Agencia de transcripción: UPN

053 #4 - NÚMERO DE CLASIFICACIÓN LC

  • Número de clasificación elemento-número único o número inicial de tramo: PQ7298.12 R7

100 1# - ENCABEZAMIENTO - NOMBRE PERSONAL

  • Nombre personal: Brozon, M. B.,
  • Fechas asociadas con el nombre: 1970-

400 1# - VEÁSE - NOMBRE DE PERSONA

  • Personal name: Brozon, Mónica B.,
  • Dates associated with a name: 1970-

400 1# - VEÁSE - NOMBRE DE PERSONA

  • Personal name: Beltrán Brozon, Mónica,
  • Dates associated with a name: 1970-

670 ## - FUENTE EN LA QUE SE LOCALIZARON DATOS

  • Cita de la fuente: LC/P

680 ## - NOTA PUBLICA DE ACCESO PÚBLICO

  • Frase explicativa de la referencia: Escritora mexicana

902 ## - CATALOGADOR

  • Catalogador: CAA/070611